000 00420nam a2200181Ia 4500
008 090124s9999 xx 000 0 und d
082 _b114350
100 _aसाधले आनंद
245 _a सय
250 _a1
260 _c1972
300 _a143
600 _aसाधले आनंद
630 _a सय
700 _aसाधले आनंद
730 _a सय
942 _cBOOK
999 _c160441
_d160441